000 00663nam a2200277Ia 4500
005 20260324140635.0
008 008 260324s9999 xx 000 0 eng d
020 _a9780429231629
037 _aEBOOK
040 _aCRL
040 _beng
040 _cCRL
041 _2eng
041 _aeng
084 _qCRL
100 _aHans-Jurgen Wagener
_91205171
245 0 _aEconomic Thought in Communist and Post-Communist Europe
260 _bTaylor and Francis
260 _c1998
365 _a
365 _b230
856 _uhttp://www.taylorfrancis.com/books/9780429231629
942 _cEBOOK
999 _c1807451
_d1807451